<?xml version="1.0" encoding="UTF-8"?>
<collection xmlns="http://www.loc.gov/MARC21/slim">
 <record>
  <leader>00548nam a22001575a 4500</leader>
  <controlfield tag="001">EUN.um037588</controlfield>
  <controlfield tag="003">AR-BaUNS</controlfield>
  <controlfield tag="005">20050623122909.0</controlfield>
  <controlfield tag="008">041125s1978####ag#a##########000#0#spa#d</controlfield>
  <datafield tag="245" ind1="1" ind2="0">
   <subfield code="a">Entubamiento de las aguas del arroyo Napostá /</subfield>
   <subfield code="c">Ricardo O. Bilbao.</subfield>
  </datafield>
  <datafield tag="260" ind1=" " ind2=" ">
   <subfield code="a">Bahía Blanca :</subfield>
   <subfield code="b">Universidad Nacional del Sur,</subfield>
   <subfield code="c">1978.</subfield>
  </datafield>
  <datafield tag="300" ind1=" " ind2=" ">
   <subfield code="a">12 h.. :</subfield>
   <subfield code="b">ilus. ;</subfield>
   <subfield code="c">29,5 cm. .</subfield>
  </datafield>
  <datafield tag="490" ind1="0" ind2=" ">
   <subfield code="a">Depto.de  Ingeniería. Trabajo final de carrera</subfield>
  </datafield>
  <datafield tag="100" ind1="1" ind2=" ">
   <subfield code="a">Bilbao, Ricardo O.</subfield>
  </datafield>
  <datafield tag="082" ind1="0" ind2="4">
   <subfield code="a">625.7</subfield>
  </datafield>
  <datafield tag="859" ind1=" " ind2=" ">
   <subfield code="a">Ar-BaUNS</subfield>
   <subfield code="b">BIB. CENTRAL - Sector C</subfield>
   <subfield code="h">625.7</subfield>
   <subfield code="i">B49</subfield>
   <subfield code="p">86565/981</subfield>
  </datafield>
 </record>
</collection>
